Normal view
MARC view
Entry Topical Term
001 - CONTROL NUMBER
- control field: 79479
003 - CONTROL NUMBER IDENTIFIER
- control field: OSt
005 - DATE AND TIME OF LATEST TRANSACTION
- control field: 20200902153612.0
008 - FIXED-LENGTH DATA ELEMENTS
- fixed length control field: 200902|| aca||aabn | a|a d
040 ## - CATALOGING SOURCE
- Original cataloging agency: OSt
- Transcribing agency: OSt
150 ## - HEADING--TOPICAL TERM
- Topical term or geographic name entry element: शिक्षा
670 ## - SOURCE DATA FOUND
- Source citation: Work cat.: (OSt): Guider 79384, मध्यप्रदेश प्राथमिक शिक्षक पात्रता परीक्षा- 2020 21सेट्स पेपर -1 प्राथमिक स्तर कक्षा (I-V), 2020









